[Event "41st Festival MTO"]
[Site "Biel SUI"]
[Date "2008.08.01"]
[Round "11"]
[White "Burnier,D"]
[Black "Bok,B"]
[Result "0-1"]
[WhiteElo "2343"]
[BlackElo "2212"]
[EventDate "2008.07.21"]

1. d4 Nf6 2. c4 g6 3. Nc3 d5 4. Nf3 Bg7 5. Bf4 O-O 6. e3 c5 7. dxc5 Qa5 8.
Rc1 dxc4 9. Bxc4 Qxc5 10. Bb3 Qa5 11. O-O Nc6 12. Qe2 Bf5 13. Rfd1 Rad8 14.
e4 Bg4 15. Nd5 Nxd5 16. exd5 Nd4 17. Rxd4 Bxd4 18. Bc7 Bxf3 19. gxf3 Bb6
20. Bxd8 Bxd8 21. Qe5 Bb6 22. Qxe7 Bxf2+ 23. Kg2 Bh4 24. Qe2 Qd8 25. Rd1
Re8 26. Qc4 Qg5+ 27. Kh1 Qf6 28. Qg4 h5 29. Qg2 Rd8 30. Qe2 Kg7 31. Qe4 Re8
32. Qd3 Bg5 33. d6 Re3 34. Qd4 Re1+ 35. Kg2 Rxd1 36. Qxd1 Qxb2+ 37. Qc2 Qd4
38. Qd1 Bd2 39. Bc4 Qxd6 40. Qb3 Bf4 41. Qd3 Bxh2 0-1

[Event "41st Festival MTO"]
[Site "Biel SUI"]
[Date "2008.08.01"]
[Round "11"]
[White "Mensch,E"]
[Black "Baramidze,D"]
[Result "1/2-1/2"]
[WhiteElo "2327"]
[BlackElo "2593"]
[EventDate "2008.07.21"]

1. d4 Nf6 2. c4 c6 3. Nf3 d5 4. cxd5 cxd5 5. Nc3 Nc6 6. Bf4 Bf5 7. e3 a6 8.
a3 e6 9. Bd3 Bxd3 10. Qxd3 Be7 11. O-O O-O 12. Bg5 h6 13. Bh4 Rc8 14. b4 b5
15. Bxf6 Bxf6 16. Rac1 Be7 17. Rfd1 a5 18. Qxb5 axb4 19. axb4 Bxb4 20. Na2
Qa5 21. Qxa5 Bxa5 22. Rc2 Ne5 23. Rdc1 Rxc2 24. Rxc2 Nc4 25. Nc1 Rb8 26. g3
g5 27. h3 f6 28. g4 Kf7 29. Ne2 Bc7 1/2-1/2

[Event "41st Festival MTO"]
[Site "Biel SUI"]
[Date "2008.08.01"]
[Round "11"]
[White "Tairova,E"]
[Black "Ulibin,M"]
[Result "0-1"]
[WhiteElo "2417"]
[BlackElo "2520"]
[EventDate "2008.07.21"]

1. e4 e6 2. d4 d5 3. Nd2 Nf6 4. e5 Nfd7 5. Bd3 c5 6. c3 Nc6 7. Ne2 cxd4 8.
cxd4 f6 9. Nf4 fxe5 10. Nxe6 Qb6 11. Qh5+ Ke7 12. Nxf8 Kxf8 13. dxe5 Ndxe5
14. O-O Bg4 15. Qg5 h6 16. Qf4+ Kg8 17. Nb3 Rf8 18. Qg3 Nxd3 19. Qxd3 d4
20. Qg3 Bf5 21. Bf4 Kh7 22. Bd6 Rf7 23. Bc5 Qd8 24. Rad1 d3 25. Rfe1 Qd5
26. Qd6 Qc4 27. Rc1 Qb5 28. Qd5 Rf6 29. a4 Qxa4 30. Be7 Rg6 31. Rc3 Nxe7
32. Rxe7 Re8 33. Re3 Rxe3 34. fxe3 Be4 35. Qe5 Rxg2+ 36. Kf1 d2 37. Qd6
Qb5+ 0-1

[Event "41st Festival MTO"]
[Site "Biel SUI"]
[Date "2008.08.01"]
[Round "11"]
[White "Jenni,F"]
[Black "Hausrath,D"]
[Result "1-0"]
[WhiteElo "2544"]
[BlackElo "2491"]
[EventDate "2008.07.21"]

1. e4 c6 2. d4 d5 3. e5 Bf5 4. Be3 e6 5. Nd2 Nd7 6. Nb3 Ne7 7. f4 h5 8. Be2
Be4 9. Nf3 Nf5 10. Bf2 Be7 11. Qd2 Qb6 12. O-O a5 13. a4 f6 14. Nh4 Nxh4
15. Bxh4 f5 16. Bxe7 Kxe7 17. Bd3 Bxd3 18. Qxd3 h4 19. Rf3 g5 20. fxg5 Rag8
21. Qd2 Rh5 22. Qxa5 Rhxg5 23. Rf2 h3 24. g3 Qxa5 25. Nxa5 Rg4 26. c3 f4
27. Nxb7 fxg3 28. hxg3 Rxg3+ 29. Kh1 c5 30. Nxc5 Nxc5 31. dxc5 Kd7 32. a5
Kc6 33. a6 Kxc5 34. a7 Ra8 35. Rf7 h2 36. Rb7 Kc6 37. Kxh2 Rgg8 38. Rh7 Kb6
39. Rh6 Rg7 40. Rxe6+ Kc5 41. Rh6 Raxa7 42. Rxa7 Rxa7 43. Kg3 d4 44. cxd4+
Kxd4 45. Kf4 Ra1 46. Rd6+ Kc5 47. Rd2 1-0

[Event "41st Festival Delance Cup"]
[Site "Biel SUI"]
[Date "2008.07.20"]
[Round "1"]
[White "Seps,M"]
[Black "Tairova,E"]
[Result "1/2-1/2"]
[WhiteElo "2224"]
[BlackElo "2417"]
[EventDate "2008.07.20"]

1. e4 e6 2. d4 d5 3. Nd2 Be7 4. Ngf3 Nf6 5. e5 Nfd7 6. Bd3 c5 7. c3 Nc6 8.
O-O a5 9. Re1 g5 10. dxc5 Nxc5 11. Bc2 Nd7 12. Ba4 Nb6 13. Bxc6+ bxc6 14.
Nd4 Bd7 15. Qh5 c5 16. Nc2 h6 17. Ne3 Bb5 18. c4 dxc4 19. Ne4 Qd3 20. Qf3
Qd8 21. Bd2 Qc7 22. Nf6+ Kf8 23. Neg4 Bc6 24. Qh3 Bxf6 25. exf6 Ke8 26.
Bxg5 Nd5 27. Qh5 Qd6 28. Nxh6 Rh7 29. Qg4 Kd7 30. Rad1 Rah8 31. Bf4 Qf8 32.
Nf5 Rg8 33. Ng7 Kc8 34. Rxd5 Bxd5 35. f3 Rhxg7 36. fxg7 Rxg7 37. Qh5 Qg8
38. Re2 f6 39. Bg3 Rb7 40. Qh6 Qd8 41. Bh4 Rf7 42. Qe3 Qb6 43. Rd2 Kb7 44.
Qc3 f5 1/2-1/2

VI Gyorgy Marx Memorial
-----------------------